Mysteries of the Rosary - Statistics

General Stats
  • This quiz has been taken 121 times
  • The average score is 12 of 20
Answer Stats
Answer % Correct
The Crucifixion and Death of our Lord
87%
The Annunciation
83%
The Nativity
78%
The Visitation
78%
The Resurrection
76%
The Agony in the Garden
70%
The Descent of the Holy Spirit
65%
The Scourging at the Pillar
65%
The Assumption of Mary
63%
The Carrying of the Cross
63%
The Crowning with Thorns
63%
The Ascension
61%
The Finding of Jesus in the Temple
61%
The Coronation of the Virgin
57%
The Transfiguration
57%
The Baptism of Jesus in the Jordan
54%
The Wedding at Cana
54%
The Institution of the Eucharist
46%
The Presentation of Jesus at the Temple
39%
The Proclamation of the Kingdom of God
24%
No matching quizzes found
Score Distribution
Percent of People with Each Score
Percentile by Number Answered
Your Score History
You have not taken this quiz